| 000 | 00615nam a2200181Ia 4500 | ||
|---|---|---|---|
| 008 | 100920s9999 xx 000 0 und d | ||
| 082 |
_b10167 _a51 थ 49 |
||
| 100 | _aसंग्राहक-देवगिरीकर त्र्यं. र. | ||
| 245 | _aचिरस्मृति. | ||
| 260 |
_bकॉन्टिनेन्टल प्रकाशन, पुणे. _c1949 |
||
| 300 |
_a118 _bसाधी |
||
| 365 | _b2.5 | ||
| 520 | _aचरित्र. | ||
| 630 | _aचिरस्मृति. | ||
| 650 | _aचरित्र. | ||
| 730 | _aचिरस्मृति. | ||
| 942 | _cBOOK | ||
| 999 |
_c676727 _d676724 |
||